ბათუმის შოთა რუსთაველის სახელმწიფო უნივერსიტეტის ბიბლიოთეკა

Topographic anatomy and operative surgery of head & neck region : (ბიბ.ჩანაწერი № 60931)

000 -LEADER
fixed length control field 00997nam a22002297a 4500
005 - DATE AND TIME OF LATEST TRANSACTION
control field 20231121144636.0
008 - FIXED-LENGTH DATA ELEMENTS--GENERAL INFORMATION
fixed length control field 231121s2021 enk||||| |||| 00| 0 geo d
020 ## - INTERNATIONAL STANDARD BOOK NUMBER
International Standard Book Number 9789941498114
041 ## - LANGUAGE CODE
Language code of text/sound track or separate title geo
080 ## - UNIVERSAL DECIMAL CLASSIFICATION NUMBER
Universal Decimal Classification number 611.91/93(075)+617.51/53-089(075) T-93
100 ## - MAIN ENTRY--PERSONAL NAME
Personal name Turmanidze, T
9 (RLIN) 20454
245 ## - TITLE STATEMENT
Title Topographic anatomy and operative surgery of head & neck region :
Remainder of title [Textbook] /
Statement of responsibility, etc. T. Turmanidze, L. Kikalishvili.
264 ## - PRODUCTION, PUBLICATION, DISTRIBUTION, MANUFACTURE, AND COPYRIGHT NOTICE
Place of production, publication, distribution, manufacture Tbilisi,
Date of production, publication, distribution, manufacture, or copyright notice 2018.
300 ## - PHYSICAL DESCRIPTION
Extent 236 p. :
Other physical details il. ;
Dimensions 24 cm.
521 ## - TARGET AUDIENCE NOTE
Target audience note ბიბლიოგრაფია: გვ. 236.
653 ## - INDEX TERM--UNCONTROLLED
keyword თავის ტოპოგრაფიული ანატომია
653 ## - INDEX TERM--UNCONTROLLED
keyword კისრის ტოპოგრაფიული ანატომია
653 ## - INDEX TERM--UNCONTROLLED
keyword თავისა და კისრის ქირურგია
653 ## - INDEX TERM--UNCONTROLLED
keyword ოპერავიული ქირურგია
700 ## - ADDED ENTRY--PERSONAL NAME
Personal name Kikalishvili, L.
Relator term ავტორი
9 (RLIN) 20455
942 ## - ADDED ENTRY ELEMENTS (KOHA)
Source of classification or shelving scheme
Koha item type წიგნი
ეგზემპლარები
Withdrawn status Lost status Source of classification or shelving scheme Damaged status Not for loan Permanent Location Current Location Shelving location Date acquired Cost, normal purchase price Full call number Barcode Date last seen Copy number Price effective from Koha item type Public note
          ბათუმის შოთა რუსთაველის სახელმწიფო უნივერსიტეტის მთავარი ბიბლიოთეკა ბათუმის შოთა რუსთაველის სახელმწიფო უნივერსიტეტის მთავარი ბიბლიოთეკა წიგნსაცავი 2023-11-21 62.00 611.91/93(075)+617.51/53-089(075) T-93 66903 2023-11-21 66903 2023-11-21 წიგნი 62 ლ.
          ბათუმის შოთა რუსთაველის სახელმწიფო უნივერსიტეტის მთავარი ბიბლიოთეკა ბათუმის შოთა რუსთაველის სახელმწიფო უნივერსიტეტის მთავარი ბიბლიოთეკა წიგნსაცავი 2023-11-21 62.00 611.91/93(075)+617.51/53-089(075) T-93 66904 2023-11-21 66904 2023-11-21 წიგნი 62 ლ.
          ბათუმის შოთა რუსთაველის სახელმწიფო უნივერსიტეტის მთავარი ბიბლიოთეკა ბათუმის შოთა რუსთაველის სახელმწიფო უნივერსიტეტის მთავარი ბიბლიოთეკა წიგნსაცავი 2023-11-21 62.00 611.91/93(075)+617.51/53-089(075) T-93 66902 2023-11-21 66902 2023-11-21 წიგნი 62 ლ.
          ბათუმის შოთა რუსთაველის სახელმწიფო უნივერსიტეტის მთავარი ბიბლიოთეკა ბათუმის შოთა რუსთაველის სახელმწიფო უნივერსიტეტის მთავარი ბიბლიოთეკა წიგნსაცავი 2023-11-21 62.00 611.91/93(075)+617.51/53-089(075) T-93 66905 2023-11-21 66905 2023-11-21 წიგნი 62 ლ.